000 00870nam a2200265Ia 4500
003 OSt
005 20221005062152.0
006 a|||||r|||| 00| 0
007 ta
008 221004b |||||||| |||| 00| 0 hin d
020 _a9780415267526 (pbk)
_c583.98
024 _a95650
037 _b06224, 17/03/2009, Atlantic Publisher & Dist. Pvt Ltd.
_cTextual
040 _aCRL
_cCRL
_bhin
041 _2hin
_ahin
082 _aR3xN05:g(S:5), P2;P6
100 _aSartre Jean - Paul
245 0 _aSketch for a theory of the emotions
260 _aLondon
_bRoutledge UK
_c2006
300 _axvi, 64p.
_ccm.
650 _aPHILOSOPHY
700 _a Mairet Philip Tr.
_9146852
942 _hR3xN05:g(S:5), P2;P6
_cTEXL
_2cc
999 _c969285
_d969285